The smartest portfolio you'll ever own : a ... Read More
Available copies
- 1 of 1 copy available at LARL/NWRL Consortium. (Show)
- 1 of 1 copy available at Northwest Regional Library.
Current holds
0 current holds with 1 total copy.
Show Only Available Copies
| Location | Call Number / Copy Notes | Barcode | Shelving Location | Status | Due Date |
|---|---|---|---|---|---|
| Thief River Falls Public Library | 332.6 SOL (Text) | 35500004980270 | Main | Available | - |
Record details
- ISBN: 9780399537066
- Physical Description: 207 p. ; 22 cm.
- Edition: 1st ed.
- Publisher: New York : Perigee Book, c2011.
Content descriptions
| General Note: | Includes index. |
Search for related items by subject
| Subject: | Portfolio management Investments. |
| LDR | 00886cam a22002778a 4500 | ||
|---|---|---|---|
| 001 | 134216 | ||
| 003 | LARL_NWRL_CONSORTIUM | ||
| 005 | 20110509153736.0 | ||
| 008 | 110505s2011 nyu 001 0 eng | ||
| 010 | . | ‡a2011017944 | |
| 020 | . | ‡a9780399537066 | |
| 040 | . | ‡aDLC ‡cDLC | |
| 042 | . | ‡apcc | |
| 049 | . | ‡aNRG | |
| 050 | 0 | 0. | ‡aHG4529.5 ‡b.S66 2011 |
| 082 | 0 | 0. | ‡a332.6 ‡223 |
| 100 | 1 | . | ‡aSolin, Daniel R. ‡0(LARL_NWRL_CONSORTIUM)148786 |
| 245 | 1 | 4. | ‡aThe smartest portfolio you'll ever own : ‡ba do-it-yourself breakthrough strategy / ‡cDaniel R. Solin. |
| 250 | . | ‡a1st ed. | |
| 260 | . | ‡aNew York : ‡bPerigee Book, ‡cc2011. | |
| 300 | . | ‡a207 p. ; ‡c22 cm. | |
| 500 | . | ‡aIncludes index. | |
| 650 | 0. | ‡aPortfolio management ‡0(LARL_NWRL_CONSORTIUM)28606 | |
| 650 | 0. | ‡aInvestments. ‡0(LARL_NWRL_CONSORTIUM)23364 | |
| 901 | . | ‡a134216 ‡bISxN ‡c134216 ‡tbiblio | |

Add to basket
Permalink
Disable Highlighting